000 00397nam a2200169Ia 4500
100 _aShepherd/W/ Hulley/L.N
650 _aPower electronics
250 _a2
942 _cBK
366 _f25
654 _apower electronics
245 _aPower electronics and motor control
260 _bCambridge University Press
_c1995
082 _a621.38
_bSHE
300 _a539
546 _aENGLISH
_cTTL
999 _c28606
_d28606